UK Town and City Trivia - Derby - Statistics

General Stats
  • This quiz has been taken 23 times
  • The average score is 6 of 15
Answer Stats
Hint Answer % Correct
Bun and sausage fast food, said to be invented by Derby born Harry M. Stevens Hot dog
71%
Aero engine manufacturer that has a major presence in Derby {Rolls}-{Royce}
71%
Home stadium of Derby County Football Club {Pride} Park
67%
Nickname of the above football club The Rams
67%
Anglo-Saxon Kingdom within which Derby was located Mercia
62%
Renowned Derby County football manager who died in the city in 2004 Brian Clough
57%
Video game about an adventuring archaeologist, developed by Core Design in Derby Tomb Raider
57%
Inner-city area of Derby that sounds more like a US state California
38%
River that flows through central Derby Derwent
38%
Major historical railway company that had its headquarters in Derby {Midland} Railway
33%
Home of the 'Museum of Making', site of the world’s first modern factory Derby {Silk} Mill
29%
Derby was one of the 'five boroughs' within this Viking region of England The Danelaw
24%
Long established porcelain manufacturer, based in Derby {Royal} {Crown} Derby
19%
Roman name for Derby Derventio
10%
Park land in the Rose Hill area, described as "Britain's first public park" The Arboretum
5%
No matching quizzes found
Score Distribution
Percent of People with Each Score
Percentile by Number Answered
Your Score History
You have not taken this quiz